Dünden damlalar (Record no. 8765)

000 -LEADER
fixed length control field 01150nmm a2200313 a 4500
001 - CONTROL NUMBER
control field ocm000882889
003 - CONTROL NUMBER IDENTIFIER
control field TR-IsHL
005 - DATE AND TIME OF LATEST TRANSACTION
control field 20201028143205.0
008 - FIXED-LENGTH DATA ELEMENTS--GENERAL INFORMATION
fixed length control field 140118s2006 tu tur
007 - PHYSICAL DESCRIPTION FIXED FIELD--GENERAL INFORMATION
fixed length control field cr cn
020 ## - INTERNATIONAL STANDARD BOOK NUMBER
International Standard Book Number 9789758683512
035 ## - SYSTEM CONTROL NUMBER
System control number 882889
-- (N$T)
050 04 - LIBRARY OF CONGRESS CALL NUMBER
Classification number HX376.7.A8
Item number C463 2006
090 04 - LOCALLY ASSIGNED LC-TYPE CALL NUMBER (OCLC); LOCAL CALL NUMBER (RLIN)
Classification number (OCLC) (R) ; Classification number, CALL (RLIN) (NR) HX376.7.A8
Local cutter number (OCLC) ; Book number/undivided call number, CALL (RLIN) C463 2006
100 1# - MAIN ENTRY--PERSONAL NAME
Personal name Çelik, Mehmet
245 10 - TITLE STATEMENT
Title Dünden damlalar
Medium [electronic resource] /
Statement of responsibility, etc. Mehmet Çelik ; yayına hazırlayan Sevinç Öztaş
250 ## - EDITION STATEMENT
Edition statement 1. basım.
260 ## - PUBLICATION, DISTRIBUTION, ETC.
Place of publication, distribution, etc. İstanbul :
Name of publisher, distributor, etc. TÜSTAV,
Date of publication, distribution, etc. 2006
300 ## - PHYSICAL DESCRIPTION
Extent 148 p.
650 #4 - SUBJECT ADDED ENTRY--TOPICAL TERM
Topical term or geographic name entry element Politika ve Uluslararası İlişkiler
650 #4 - SUBJECT ADDED ENTRY--TOPICAL TERM
Topical term or geographic name entry element Politics and International Relations
650 #0 - SUBJECT ADDED ENTRY--TOPICAL TERM
Topical term or geographic name entry element Çelik, Mehmet, 1952-
650 #0 - SUBJECT ADDED ENTRY--TOPICAL TERM
Topical term or geographic name entry element Türkiye Komünist Partisi
General subdivision History
650 #0 - SUBJECT ADDED ENTRY--TOPICAL TERM
Topical term or geographic name entry element Türkiye Petrol, Kimya, Lastik İşçileri Sendikası
General subdivision History
650 #0 - SUBJECT ADDED ENTRY--TOPICAL TERM
Topical term or geographic name entry element Communists
General subdivision Turkey
-- Biography
650 #7 - SUBJECT ADDED ENTRY--TOPICAL TERM
Topical term or geographic name entry element POLITICAL SCIENCE / Political Ideologies / Communism, Post-Communism & Socialism
Source of heading or term bisacsh
700 1# - ADDED ENTRY--PERSONAL NAME
Personal name Öztaş, Sevinç
856 40 - ELECTRONIC LOCATION AND ACCESS
Uniform Resource Identifier <a href="http://search.ebscohost.com/login.aspx?direct=true&scope=site&db=e011xww&AN=882889">http://search.ebscohost.com/login.aspx?direct=true&scope=site&db=e011xww&AN=882889</a>
Holdings
Withdrawn status Lost status Source of classification or shelving scheme Damaged status Not for loan Collection code Permanent Location Current Location Date acquired Total Checkouts Full call number Barcode Date last seen Price effective from Koha item type
        Online   Kıbrıs Amerikan Üniversitesi Kütüphanesi / American University of Cyprus Kıbrıs Amerikan Üniversitesi Kütüphanesi / American University of Cyprus 28.10.2020   HX376.7.A8 C463 2006 882889 28.10.2020 28.10.2020 E-Kitap
Devinim Yazılım Eğitim Danışmanlık tarafından Koha'nın orjinal sürümü uyarlanarak geliştirilip kurulmuştur.